SEX AND SAFETY EDUCATION (Record no. 17432)
[ view plain ]
| 000 -LEADER | |
|---|---|
| fixed length control field | 00253nam a22001217a 4500 |
| 003 - CONTROL NUMBER IDENTIFIER | |
| control field | SGT |
| 082 ## - DEWEY DECIMAL CLASSIFICATION NUMBER | |
| Classification number | 370 |
| Item number | ARO |
| 100 ## - MAIN ENTRY--PERSONAL NAME | |
| Personal name | ARORA, PANKAJ |
| 245 ## - TITLE STATEMENT | |
| Title | SEX AND SAFETY EDUCATION |
| 260 ## - PUBLICATION, DISTRIBUTION, ETC. (IMPRINT) | |
| Place of publication, distribution, etc | DELHI |
| Name of publisher, distributor, etc | SR PUB. |
| Year of Publication | 2018 |
| 300 ## - PAGE DESCRIPTION | |
| No. of Pages | 118 |
| 942 ## - ADDED ENTRY ELEMENTS (KOHA) | |
| Source of classification or shelving scheme | Dewey Decimal Classification |
| Koha item type | Books |
| 942 ## - ADDED ENTRY ELEMENTS (KOHA) | |
| -- | 1 |
| Withdrawn status | Lost status | Source of classification or shelving scheme | Damaged status | Not for loan | Collection code | Home library | Current library | Date acquired | Vendor Name | SGTU | Full call number | Accession No. (Barcode) | Date last seen | Bill Date | Koha item type | Total Checkouts | Checked out | Date last borrowed |
|---|---|---|---|---|---|---|---|---|---|---|---|---|---|---|---|---|---|---|
| Dewey Decimal Classification | EDUCATION | SGT Engineering Library | SGT Engineering Library | 12/04/2019 | SRP | SGTU | 370 ARO | ED4192 | 12/04/2019 | 12/04/2019 | Books | |||||||
| Dewey Decimal Classification | EDUCATION | SGT Engineering Library | SGT Engineering Library | 12/04/2019 | SRP | SGTU | 370 ARO | ED4193 | 01/06/2026 | 12/04/2019 | Books | 2 | 15/06/2026 | 01/06/2026 | ||||
| Dewey Decimal Classification | EDUCATION | SGT Engineering Library | SGT Engineering Library | 12/04/2019 | SRP | SGTU | 370 ARO | ED4194 | 12/04/2019 | 12/04/2019 | Books | |||||||
| Dewey Decimal Classification | EDUCATION | SGT Engineering Library | SGT Engineering Library | 12/04/2019 | SRP | SGTU | 370 ARO | ED4195 | 12/04/2019 | 12/04/2019 | Books |